People Analytics For Dummies (Record no. 41041)

MARC details
000 -LEADER
fixed length control field 00305nam a2200133Ia 4500
008 - FIXED-LENGTH DATA ELEMENTS--GENERAL INFORMATION
fixed length control field 240703s9999 xx 000 0 und d
041 ## - LANGUAGE CODE
Language code of text/sound track or separate title eng
100 ## - MAIN ENTRY--PERSONAL NAME
Personal name West
245 ## - TITLE STATEMENT
Title People Analytics For Dummies
260 ## - PUBLICATION, DISTRIBUTION, ETC.
Name of publisher, distributor, etc. Wiley India
365 ## - TRADE PRICE
Currency code RS.
Price amount 799.00
906 ## - LOCAL DATA ELEMENT F, LDF (RLIN)
b 35
Holdings
Withdrawn status Lost status Source of classification or shelving scheme Damaged status Not for loan Home library Current library Shelving location Date acquired Source of acquisition Cost, normal purchase price Total Checkouts Full call number Barcode Date last seen Date last checked out Copy number Cost, replacement price Price effective from Koha item type
    Dewey Decimal Classification     IMTN IMTN Rack 24-B 07/03/2024 Dr. Senthil Kumar S 799.00 1 658.301 WES 33450 10/09/2025 07/11/2024 1 519.35 07/03/2024 Books
Designed & Maintained by: LRC IMT Nagpur Contact: lrc@imtnag.ac.in© 2024. All Rights Reserved.